000 00357nam a22001457a 4500
003 SGT
082 _a615.55
_bV13C
100 _aCCRH
245 _aVERNACULAR NAMES OF PLANT DRUGS IN HOMOEOPATHIC PHARMACOPOEA OF INDIA
260 _aDELHI
_bCCRH
_c2013
300 _a156
650 _aHOMOEOPATHIC
653 _aPLANT DRUG, PHARMACOPOEIA
942 _2ddc
_cBK
999 _c18182
_d18182